| 000 | 00680nam a22001815i 4500 | ||
|---|---|---|---|
| 001 | 158733 | ||
| 003 | ES-MaACL | ||
| 005 | 20250929063228.0 | ||
| 008 | 040903s1886 fr |||| | fre d | ||
| 040 |
_aCAM _bspa _cCAM |
||
| 100 | 1 |
_aMargerie, Emmanuel de, _d1862-1953 _9129487 |
|
| 245 | 1 | 0 |
_aGéologie / _cpar Emmanuel de Margerie. |
| 260 |
_aParis : _bAux Bureaux du Polybiblion, _c1886 ( _eRennes : _fImprimerie Polyglotte, Alph. Le Roy fils, Imp. Breveté) |
||
| 300 |
_a22 p. ; _c25 cm. |
||
| 650 | 7 |
_aGeología _2embne _913086 |
|
| 852 |
_aES-MaACL _jT-903-F-3 _z-- Enc. hol. conservando la cub. original _z-- Enc. en un vol. facticio |
||
| 999 |
_c158733 _d158733 |
||